000 00619nam a22001937a 4500
003 dpl
005 20180713124235.0
008 180713b xxu||||| |||| 00| 0 eng d
020 _a9780070601154
035 _a0.00
040 _aDPL
_bEN
_c0
082 _a488.2
100 _aLester, Mark
245 _aThe macgraw-hill:
_bHandbook of english grammar and usage/
_cby Mark Lester [and] Larry Beason
260 _aNew Delhi
_bTata Macgraw hill publishing company ltd.
_c2006
300 _avii;,344p;
_bincludes index , glossary
_c23cm.
700 _aby Beason, Larry
942 _2ddc
_cEN
_h488.2
_mLES
999 _c153977
_d153977